El precio del tiempo : la verdadera historia de los tipos de interés /

Este libro explora la historia y el impacto de los tipos de interés, desde la antigüedad hasta la economía moderna. El autor analiza cómo los tipos de interés, considerados "el precio del tiempo", han influido en las decisiones económicas, los mercados financieros y las dinámicas de poder; además, e...

Descripció completa

Guardat en:
Dades bibliogràfiques
Autor principal: Chancellor, Edward (autor)
Format: Llibre
Idioma:espanyol
Publicat: Barcelona, España : Deusto, 2022, c2022
Matèries:
Etiquetes: Afegir etiqueta
Sense etiquetes, Sigues el primer a etiquetar aquest registre!

MARC

LEADER 00000nam^a2200000^a^4500
001 000592196
005 20250521000000.0
009 20260526153627.012
020 |a 978-84-234-3714-6 
037 |a Acervo ITESO - Biblioteca 
041 |a ESP 
082 |a 332. 82  |b CHA 
100 |a Chancellor, Edward  |e (autor) 
245 1 3 |a El precio del tiempo :  |b la verdadera historia de los tipos de interés /  |c E. Chancellor ; tr. por Alexandre Casanovas. 
264 4 |a Barcelona, España :  |b Deusto,  |c 2022, c2022 
300 |a 539 p. 
336 |a texto  |b txt  |2 rdacontenido 
337 |a sin mediación  |b n  |2 rdamedio 
338 |a volumen  |b nc  |2 rdasoporte 
500 |a Traducción de: The Price of Time 
520 |a Este libro explora la historia y el impacto de los tipos de interés, desde la antigüedad hasta la economía moderna. El autor analiza cómo los tipos de interés, considerados "el precio del tiempo", han influido en las decisiones económicas, los mercados financieros y las dinámicas de poder; además, examina cómo las políticas de interés adoptadas por los bancos centrales tras la crisis financiera de 2008 han generado burbujas de activos, desigualdad económica y riesgos en los sistemas financieros del mundo. 
521 |a Peticiones 2024 
649 |a XX 
650 |a Interés (Economía) -  |x Teoría 
650 |a Interés (Economía) -  |x Historia 
650 |a Interés (Economía) -  |x Tema Principal 
650 |a Crédito -  |x Historia 
650 |a Bancos y Operaciones Bancarias 
650 |a Sistema Financiero 
650 |a Dinero 
650 |a Instituciones Económicas 
650 |a Finanzas 
650 |a Economía 
910 |a Fondo General 
920 |a Impresos - Libros 
930 |a Colección General 
905 |a 101 
901 |a 592196-10  |b IT1  |c ACC  |i C188724  |u 20250521 
902 |a https://opac.biblio.iteso.mx/vufind/Record/000592196